| 000 | 00562nam a2200241 a 4500 | ||
|---|---|---|---|
| 001 | nice12345678 | ||
| 003 | IN_TiNIC | ||
| 005 | 20260116011332.0 | ||
| 008 | 050524s1964 lona grp 000 0 eng | ||
| 020 |
_a _c14.7 |
||
| 082 | 0 | 0 |
_a954.91 _bSTE |
| 100 | _aStephens, Ian | ||
| 245 | _aPakistan | ||
| 260 |
_aLondon _bErnest Benn Ltd _c1964 |
||
| 300 | _a288p | ||
| 500 | _aincludes index and biblioraphy | ||
| 505 | 2 | _aBibliography, Index | |
| 650 | _aPakistan-History | ||
| 700 | 1 | _aStephens, Ian | |
| 902 | _bSRS | ||
| 942 | _cBK | ||
| 999 |
_c616 _d616 |
||